000 01970nab a22002177a 4500
999 _c5780
_d5780
003 OSt
005 20260106131402.0
008 190514b xxu||||| |||| 00| 0 spa d
040 _cPJ
100 _93937
_aCarlucci, Fabiana
245 1 3 _aCondominio en los bienes gananciales. Principales problemas /
_cFabiana Carlucci.
300 _ap. 62-72
505 _aSumario: I. Aproximación al tema.— II. El condominio entre cónyuges antes de la vigencia del Cód. Civ. y Com.— III. La normativa introducida por el Cód. Civ. y Com.— IV. Objetivo de estas líneas.— V. Reconocimiento expreso de la ley en torno al condominio entre cónyuges, sean los bienes propios o gananciales. La eventual presencia de un tercer condómino.— VI. Cotitularidades que no importan estrictamente condominio.— VII. Administración del bien ganancial adquirido por ambos cónyuges.— VIII. Disposición del bien ganancial adquirido por ambos cónyuges.— IX. Administración y disposición de la cuota ganancial del bien adquirido por ambos cónyuges.— X. Administración del bien común por uno solo de los cónyuges mediante mandato. Obligación de rendir cuentas.— XI. Uso y goce de la cosa.— XII. Derecho de los acreedores de ambos cónyuges sobre los bienes gananciales en condominio. Pasivo provisorio y definitivo.— XIII. Frutos del bien en condominio ganancial.— XIV. División y partición del condominio vigente en la comunidad de bienes.— XV. Forma de la partición. Renuncia al 50 % por uno de los cónyuges.— XVI. Un aspecto procesal. Competencia.— XVII. Reflexiones con final abierto.
505 _tSi te interesa el texto, comunicate a koha@justierradelfuego.gov.ar
650 0 _9967
_aDERECHO DE FAMILIA
650 0 _aCODIGO CIVIL Y COMERCIAL
_91497
650 0 _aCONDOMINIO
_92253
650 0 _aCÓNYUGE
_95369
773 0 _02844
_93222
_dBuenos Aires : AbeledoPerrot, 1989-
_tDerecho de familia. N° 115 - Julio 2024
_z18511201
942 _2udc
_cANA